Nghiên cứu sự thay đổi của giá và lợi nhuận bất thường của cổ phiếu trước và sau khi chia tách tại thị trường chứng khóan niêm yết Việt Nam : Đề tài cấp trường

Đề tài được thực hiện nhằm phân tích lợi nhuận của cổ phiếu trước và sau khi chia tách tại thị trường chứng khóan niêm yết Việt Nam nhằm bổ sung các căn cứ khoa học về các đặc tính của thị trường chứng khoán Việt Nam cho nhà đầu tu...

全面介绍

Đã lưu trong:
书目详细资料
主要作者: Nguyễn, Hữu Đặng
格式: 图书
语言:Undetermined
出版: Cần Thơ Trường Đại học Cần Thơ 2008
主题:
标签: 添加标签
没有标签, 成为第一个标记此记录!
Thư viện lưu trữ: Trung tâm Học liệu Trường Đại học Cần Thơ
LEADER 01419nam a2200229Ia 4500
001 CTU_165236
008 210402s9999 xx 000 0 und d
082 |a 332.643 
082 |b Đ116 
088 |a T2008-02 
100 |a Nguyễn, Hữu Đặng 
245 0 |a Nghiên cứu sự thay đổi của giá và lợi nhuận bất thường của cổ phiếu trước và sau khi chia tách tại thị trường chứng khóan niêm yết Việt Nam : 
245 0 |b Đề tài cấp trường 
245 0 |c Nguyễn Hữu Đặng (Chủ nhiệm) ; Lê Tín (Cán bộ tham gia) 
260 |a Cần Thơ 
260 |b Trường Đại học Cần Thơ 
260 |c 2008 
520 |a Đề tài được thực hiện nhằm phân tích lợi nhuận của cổ phiếu trước và sau khi chia tách tại thị trường chứng khóan niêm yết Việt Nam nhằm bổ sung các căn cứ khoa học về các đặc tính của thị trường chứng khoán Việt Nam cho nhà đầu tư và các nhà điều hành thị trường trong các trường hợp tách cổ phiếu. 
650 |a Stock exchanges,Trao đổi chứng khóan 
904 |i Thảo, Hải 
915 |a KT 
980 |a Trung tâm Học liệu Trường Đại học Cần Thơ